01426nam a22002057a 450000500170000000800410001702000180005804000070007604100120008308200220009510000180011724500410013526000280017630000290020436500550023352008650028865000310115365000160118470000200120020220318164153.0220318b ||||| |||| 00| 0 eng d a9780367242428 cAL aEnglish 223a320.072bHARP aLisa Harrison aPolitical Research: An Introduction  aLondonbRoutledgec2019 axv,181 p.bPBc24x17 cm. a6321b₹1036.00c₹d₹1295.00e20%f08-03-2022 aPolitical Research: An Introduction has been designed to provide an excellent starting point for those new to the area of Research Methods. It assumes no prior knowledge of the subject and sets out the key issues involved in doing research in Politics. It guides students through a complex and often daunting subject by exploring the many concepts associated with the field, as well as offering practical advice on research practices and information resources. Features and benefits of this textbook include: * boxed case studies in each chapter to illustrate and clarify key concepts, and highlight the practical use of different research methods * a useful glossary, giving easy access to definitions of key terms * a dedicated web-site containing sample material, extra case studies, important links, and essential resources for both teachers and students. aPolitical Science-Research aMethodology aHARRISON (Lisa)